000
00293 a2200145 4500
001
171482
020
_a
040
_c
Magnum
100
_a
Vovo Felicio
240
1
0
_a
O tesouro da montanha
_l
por
245
1
0
_a
O tesouro da montanha
362
0
_a
1899
697
_a
I/FABULAS
942
_c
BK
999
_c
171482
_d
171482